书目信息 |
| 题名: |
西藏历史文化辞典
|
|
| 作者: | 王尧 , 陈庆英 主编 | |
| 分册: | ||
| 出版信息: | 杭州 浙江人民出版社 1998.06 |
|
| 页数: | 13, 436页 | |
| 开本: | 26cm | |
| 丛书名: | ||
| 单 册: | ||
| 中图分类: | K297.5-61 | |
| 科图分类: | ||
| 主题词: | 文化史--wen hua shi--西藏自治区--词典 | |
| 电子资源: | ||
| ISBN: | 7-213-01721-7 | |
| 000 | 01230nam0 2200253 450 | |
| 001 | 012006736005 | |
| 005 | 20060906093600.98 | |
| 010 | @a7-213-01721-7@b精装@dCNY80.00 | |
| 100 | @a20060610d1998 km y0chiy0120 ea | |
| 101 | 0 | @achi |
| 102 | @aCN@b330000 | |
| 105 | @ay ae 000yy | |
| 200 | 1 | @a西藏历史文化辞典@Axi zang li shi wen hua ci dian@f王尧, 陈庆英主编@Fwang yao,chen qing ying zhu bian |
| 210 | @a杭州@c浙江人民出版社@d1998.06 | |
| 215 | @a13, 436页@c图@d26cm | |
| 300 | @a国家"九五"重点图书出版规划项目 | |
| 320 | @a有书目 (第356-366页)。 | |
| 330 | @a本书在维护祖国统一,促进民族团结进步的原则下,总结吸收国内外藏学研究取得的巨大成就,推动藏学研究在21世纪的繁荣和深化。本书收列条目,坚持学术性第一。地域则以西藏自治区为主,适当收入青海、甘萧、四川、云南藏族地区及北京、山西、河北、浙江等地与西藏历史文化有关的内容。共收词目790条,配以珍贵历史图片144幅。本书按词头汉字汉语拼音的英文字母音序分部编排,再按词头汉字汉语拼音音序编排。为了安排图片位置的方便,对个别词目的先后次序作了调整。 | |
| 606 | 0 | @a文化史@Awen hua shi@y西藏自治区@j词典 |
| 690 | @aK297.5-61@v4 | |
| 701 | 0 | @a王尧@Awang yao@4主编 |
| 701 | 0 | @a陈庆英@Achen qing ying@4主编 |
| 801 | 0 | @aCN@bQSSK@c20060906 |
| 905 | @a10447@dK297.5-61@eW446 | |
| 西藏历史文化辞典/王尧, 陈庆英主编.-杭州:浙江人民出版社,1998.06 |
| 13, 436页:图;26cm |
| 国家"九五"重点图书出版规划项目 |
| ISBN 7-213-01721-7(精装):CNY80.00 |
| 本书在维护祖国统一,促进民族团结进步的原则下,总结吸收国内外藏学研究取得的巨大成就,推动藏学研究在21世纪的繁荣和深化。本书收列条目,坚持学术性第一。地域则以西藏自治区为主,适当收入青海、甘萧、四川、云南藏族地区及北京、山西、河北、浙江等地与西藏历史文化有关的内容。共收词目790条,配以珍贵历史图片144幅。本书按词头汉字汉语拼音的英文字母音序分部编排,再按词头汉字汉语拼音音序编排。为了安排图片位置的方便,对个别词目的先后次序作了调整。 |
| ● |
| 相关链接 |
|
|
|
正题名:西藏历史文化辞典
索取号:K297.5-61/W446
 
预约/预借
| 序号 | 登录号 | 条形码 | 馆藏地/架位号 | 状态 | 备注 |
| 1 | 584038 | 205840385 | 社科库309/309社科库 39排4列6层/ [索取号:K297.5-61/W446] | 在馆 |